Countries with the weirdest weather - Statistics

General Stats
  • This quiz has been taken 243 times
  • The average score is 3 of 8
Answer Stats
Hint Answer % Correct
Country with highest wind speed ever recorded United States
98%
Countries with highest ultraviolet index Chile/Bolivia
39%
Country where the deadliest tornado took place Bangladesh
36%
Country with most precipitation from a cyclone France
30%
Country with highest average annual rain Colombia
29%
Country with highest air pressure ever recorded Mongolia
28%
Country with most average yearly lightning strikes Venezuela
26%
Country with highest snowfall in one day Italy
22%
No matching quizzes found
Score Distribution
Percent of People with Each Score
Percentile by Number Answered
Your Score History
You have not taken this quiz